000
nam a22 7a 4500
999
_c
129030
_d
129030
003
ARRUPE
005
20190215113257.0
008
190215b xxu||||| |||| 00| 0 eng d
010
_a
PER
040
_c
ARRUPE
050
_a
PER
245
_a
Jesuits and Friends
260
_a
London
_b
Jesuits and Friends
_c
2017
942
_2
lcc
_c
PERIODICAL
_s
1